| 000 | 01263cam a22004093a 4500 | ||
|---|---|---|---|
| 001 | 12679274 | ||
| 003 | OSt | ||
| 005 | 20140310184514.0 | ||
| 008 | 011015s2001 nyuab c 000 1 eng d | ||
| 010 | _a 2002562521 | ||
| 020 | _z0439253241 (pbk.) | ||
| 035 | _a(OCoLC)ocm48150884 | ||
| 040 |
_aCMI _cCMI _dDLC |
||
| 042 | _alccopycat | ||
| 050 | 0 | 0 |
_aPZ 7 _b.R686 2001 |
| 100 | 1 |
_aRodda, Emily. _920594 |
|
| 245 | 1 | 4 |
_aThe lake of tears / _cEmily Rodda. |
| 250 | _a1st American ed. | ||
| 260 |
_aNew York : _bScholastic, _c2001. |
||
| 300 |
_a129 p. : _bill. ; _c20 cm. |
||
| 490 | 0 |
_aDeltora quest ; _v2 |
|
| 521 | 1 | _aG5 | |
| 526 | _c730 | ||
| 650 | 0 |
_aMagic _vJuvenile fiction. _929308 |
|
| 650 | 0 |
_aQuests (Expeditions) _vJuvenile fiction. _929309 |
|
| 650 | 0 |
_aMagical thinking _vJuvenile fiction. _929310 |
|
| 650 | 1 |
_aMagic _vFiction. _929311 |
|
| 650 | 1 |
_aMagical thinking _vFiction. _929312 |
|
| 655 | 7 |
_aChildren's stories. _2lcsh _93012 |
|
| 655 | 7 |
_aFantasy fiction. _2gsafd _93053 |
|
| 710 | 2 |
_aCopyright Paperback Collection (Library of Congress) _5DLC _9705 |
|
| 906 |
_a7 _bcbc _ccopycat _d2 _encip _f20 _gy-genrareb |
||
| 942 |
_2lcc _cBK-SCHOLAS |
||
| 999 |
_c34924 _d34924 |
||